000 00324nam a22001217a 4500
082 _a001
_bDEP/G
100 _aDEPT OF EDUCATION, GOVT OF KERALA
245 _aGENERAL SUBJECTS - KERALAM VALARUNNU
260 _aTRIVANDRUM
_bSIET KERALA
300 _bENGLISH - MALAYALAM VCD
650 _aGENERAL KNOWLEDGE
_zKERALA
942 _cBK
999 _c7971
_d7971